000 00610nam a22001577a 4500
008 160517b xxu||||| |||| 00| 0 eng d
082 _22015
_aUT 0625
_bEs86
100 _98446
_aEstimada, Aya Mie M.
245 _aModelling the intention of use of shoppers' loyatly card in Digos City/
_cAya Mie M. Estimada, Ramil G. Dicdican and Arnel Estrada.
260 _aDigos City:
_bUMDC
_cNovember 2015.
300 _a58 pages;
_c30 cm.
650 0 _98445
_aBusiness Administration
_vMarketing Management
_xUndergraduate thesis.
700 _98443
_aDicdican, Ramil G.
700 _98444
_aEstrada, Arnel.
942 _2ddc
_cUT
999 _c2555
_d2555